| 000 | 00659nam a22002177a 4500 | ||
|---|---|---|---|
| 005 | 20170124110156.0 | ||
| 010 | _aB-228006 | ||
| 020 |
_c00.00 _a9798189654046 |
||
| 035 | _aB-228006 | ||
| 037 | _bCen Lib/Ret | ||
| 040 |
_aDPL _bEN |
||
| 082 |
_a070.44 _bSHA |
||
| 100 |
_aSharma, Mukul _924916 |
||
| 245 |
_aNo borders : _cby Mukul Sharma _bjourneys of an Indian journalist / |
||
| 260 |
_aDelhi _bDaanish Books _c2006 |
||
| 270 |
_aB-802, Taj Apartments Gazipur _bDelhi _e110096 |
||
| 300 |
_ax, 248p. : _c22cm(Hb) _bill. |
||
| 650 |
_aProtest movements _935010 |
||
| 650 |
_aSocial movements _935011 |
||
| 942 |
_2ddc _cEN _h070.44 _mSHA |
||
| 999 |
_c132532 _d132532 |
||